000 00333pab a2200145 454500
008 180718b1984 xxu||||| |||| 00| 0 eng d
100 _aVohra, B.B.
245 _aA national policy for water
260 _c1984
300 _a12-16
362 _aJune
650 _aWater Supply - India
773 _aSocial Welfare
909 _a20635
999 _c20635
_d20635